000 00724nam a2200205Ii 4500
003 JO-AjNU
008 230605s9999||||xx |||||||||||||| ||und||
040 _aJO-AjNU
_bara
_erda
_cJO-AjNU
041 _aara
050 1 4 _aGV943.4.Q3 1985
100 3 _aترجمة واعداد البدري، مؤيد عبد المجيد,
_eauthor
_948860
245 0 0 _aقانون كرة القدم والمرشد العالمي للحكام
250 _aط2
264 3 1 _aالقاهرة: مكتبة الانجلو المصرية، 1985
300 _a110ص
336 _atext
_btxt
_2rdacontent
337 _aunmediated
_bn
_2rdamedia
338 _avolume
_bnc
_2rdacarrier
650 4 _aكرة القدم -قانون - رياضة
_948861
999 _aA21425
_c24993
_d24993